| 000 | 00575nam a2200241 a 4500 | ||
|---|---|---|---|
| 001 | nice12345678 | ||
| 003 | IN_TiNIC | ||
| 005 | 20260116012111.0 | ||
| 008 | 050524s1963 edia grp 000 0 eng | ||
| 020 |
_a _c100 |
||
| 082 | 0 | 0 |
_a251 _bPHI |
| 100 | _aPhilibert, Michel | ||
| 245 | _aChrist`s Preachings and Ours | ||
| 260 |
_aEdinburgh _bEdinburgh University _c1963 |
||
| 300 | _a55p | ||
| 500 | _aincludes index and biblioraphy | ||
| 505 | 2 | _aAppendex | |
| 650 | _aSermons | ||
| 700 | 1 | _aPhilibert, Michel | |
| 902 | _bSRS | ||
| 942 | _cBK | ||
| 999 |
_c5641 _d5641 |
||